000 02036nam a22003497a 4500
999 _c21832
_d21832
003 AR-CdUCM
008 190425b ||||| |||| 00| 0 spa d
040 _aMUNICIPALIDAD PROVINCIAL DEL CUSCO
_cBIBLIOTECA MUNICIPAL DEL CUSCO
082 _aRev.Andi/N°5/1985
110 _aCentro Bartolomé de Las Casas
_93293
245 _aRevista andina /
_cCentro de estudios rurales andinos Bartolomé de Las Casas Cusco
260 _aCusco :
_bCentro Bartolomé de Las Casas,
_c1985.
300 _a296 páginas. :
_c23 cm.
440 _aPublicación Semestral del Centro Bartolomé de Las Casas Cusco.
_nAño 3, Número 5, N°1, Primer semestre 1985.
_946316
505 _aContenido: Perú agricultura, utopía popular y proyecto nacional. Eduardo Grillo Fernández. -- El origen del Estado en el valle de Ayacucho. William H. Isbell. -- Debate en torno a el comercio lejano y la difusión del quechua el caso del Ecuador. Alfredo Torero. -- El espíritu lascasiano en la primera evangelización del Perú 1531-1573. Isacio Pérez Fernández. -- Inquisición y mujeres las hechiceras en el Perú durante el siglo XVII. María Emma Mannarelli. -- Un documento quechua de Huarochirí 1607. Gerald Taylor. -- Sí, hubo imprenta en Juli. Pierre Duviols. -- Sobre la arqueología del norte del Perú. Rogger Ravines. -- La arqueología de Esmeraldas Ecuador estado de la cuestión y perspectivas. José Alcina Franch.
650 _aComunidades campesinas
_92214
650 _aEconomía campesina
_92215
650 _aCultura andina
_946295
650 _aIdioma Quechua
_927790
650 _aArqueología ecuatoriana
_946317
700 _aGrillo Fernández, Eduardo
_946318
700 _aIsbell, William H.
_946319
700 _aTorero, Alfredo
_92062
700 _aPérez Fernández, Isacio
_91651
700 _aMannarelli, María Emma
_946320
700 _aTaylor, Gerald
_92028
700 _aDuviols, Pierre
_945039
700 _aRavines, Rogger
_916978
700 _aAlcina Franch, José
_923215
942 _2ddc
_cPP
945 _arac